Teorija russkogo pis'ma /

Uložené v:
Podrobná bibliografia
Hlavný autor: Ščerba, Lev Vladimirovič. 1880-1944 (Author)
Médium: Kniha
Jazyk:Russian
Vydané: Leningrad : Nauka, 1983.
Vydanie:1. izd.
ISBN: (brož.)
Fyzický popis: 133 s.
Tagy: Pridať tag
Žiadne tagy, Buďte prvý kto otaguje tento záznam!

MARC

LEADER 00000nam a22000004a 4500
001 000404708
005 20121003194526.0
008 121003s1983 ru e 000 0 rus d
020 |a (brož.)  |c Kčs 7,00 
040 |a SVKKK  |b slo  |c SVKKK  |e AACR2 
041 0 |a rus 
044 |a ru  |c RU 
100 1 |a Ščerba, Lev Vladimirovič.  |d 1880-1944  |4 aut 
245 1 0 |a Teorija russkogo pis'ma /  |c Lev Vladimirovič Ščerba. 
250 |a 1. izd. 
260 |a Leningrad :  |b Nauka,  |c 1983. 
300 |a 133 s. 
910 |a svkkk 
998 |a BK 
090 |g SCKHL  |k Sklad Pribinova 2. posch.  |a II.291356  |j 705574  |i B265524  |s Absenčne